00376nam a2200145Ia 4500008004100000020001500041041001200056082001600068100002000084245005900104260003400163300000800197650001200205700001300217221030s9999 xx 000 0 und d a8121904145 aEnglish a105.23bSub aN. Subrahmanyam 0aAtomic & Nuclear Physicscby N. Subrahmanyam, Brij Lal bS.Chand & CoaNew Delhic2000 a551 aPhysics aBrij Lal